Countries within 500km of Belgium - Statistics

General Stats
  • This quiz has been taken 64 times
  • The average score is 11 of 11
Answers on the Map
Answers color-coded by a green-red scale on the quiz's map according to % correct below.
 
Answer Stats
Answer % Correct
Austria
100%
France
100%
Germany
100%
Italy
100%
Luxembourg
100%
Netherlands
100%
United Kingdom
100%
Czech Republic
98%
Switzerland
98%
Denmark
97%
Liechtenstein
97%
No matching quizzes found
Score Distribution
Percent of People with Each Score
Percentile by Number Answered
Your Score History
You have not taken this quiz